000 01249cab a2200229 4500
001 ABS46470
008 090401t1992 xxu||||| |||| 00| 0 eng d
035 _a(Sirsi) u58435
041 _aeng
245 _aTinsley v Milligan
260 _c1992
350 _a0
490 _aProperty and Compensation Reports
_v(1992) 63 P&CR 152-178(14)
520 _aCA 30 July 1991. Joint owners of a boarding house separated, the plaintiff (T) leaving. The property was registered in her name only. Relying on the fact that her partner had formerly been involved in DSS housing benefit fraud, and would be unable to depend upon the existance of an illegal arrangement, T claimed possession and gave the defendant (M) notice to quit. M counterclaimed for an order of sale on the grounds that T held the house on trust for both of them. M`s victory at the first instance was repeated in the Court of Appeal, as the defence of minor illegality would be a lesser affront to justice than refusing relief to M who was entitled to a half share of the property.
650 _aCLEAN HANDS
650 _aCONSTRUCTIVE TRUST
650 _aILLEGAL CONTRACT
690 _aLAW
690 _aPROPERTY LAW AND PRACTICE-CASE LAW
942 _n0
948 _c04/03/1997
999 _c35674
_d35674